Modra - vinohradnícke mesto

Zobrazenie: Štyri čiastkové pohľady, každý v bielom orámovaní, všetky spolu na striebornom podklade. Vpravo je medzi nimi vodorovne bielym písmom na striebornom podklade názov. Pod ním je v poslednom pohľade vpravo hore erb mesta. Pohľad z výšky na námestie. Vľavo aj vpravo sú rady budov. Uprostred...

Full description

Bibliographic Details
Other Authors: Šmátrala, Milan (fotograf) (Photographer)
Format: Photo
Language:Slovak
PhysicalDescription:1 pohľadnica (4 čiastkové pohľady) farebná 15 x 11 cm
Published: Bratislava Pravda 1987
Subjects:

MARC

LEADER 00000ckm a2200000 a 4500
001 vtls001200321
003 SK-MaSNL
005 20260331202557.0
007 kf co
008 180703s1987 xo g 0kuslo
015 |a SNBG1987 
035 |a SNK000143390 
040 |a SNK  |b slo  |c SNK  |e AACR2 
041 0 |a slo 
043 |a e-xo--- 
044 |a xo  |c SK 
072 7 |a 913  |x Regionálna geografia  |2 konspekt 
080 |a 913(437.6)  |2 2011 
080 |a 904(084.121)  |2 2011 
080 |a 625.712.4  |2 2011 
080 |a 711.61  |2 2011 
080 |a 730  |2 2011 
080 |a 373/378  |2 2011 
080 |a 634.8.047  |2 2011 
100 1 |a Šmátrala, Milan  |c (fotograf)  |4 pht  |9 164919 
245 1 |a Modra - vinohradnícke mesto  |h grafika  |c foto Milan Šmátrala 
246 1 |i Názov na obrazovej časti:  |a Modra 
260 |a Bratislava  |b Pravda  |c 1987  |e [Bratislava]  |f TZP-B 
300 |a 1 pohľadnica (4 čiastkové pohľady)  |b farebná  |c 15 x 11 cm 
500 |a Na adresnej časti uvedené: "Modra - vinohradnícke mesto. Prvé písomné pamiatky pochádzajú z r. 1158. V Modre pôsobil a r. 1856 zomrel Ľudovít Štúr, kodifikátor spisovnej slovenčiny" 
520 8 |a Zobrazenie: Štyri čiastkové pohľady, každý v bielom orámovaní, všetky spolu na striebornom podklade. Vpravo je medzi nimi vodorovne bielym písmom na striebornom podklade názov. Pod ním je v poslednom pohľade vpravo hore erb mesta. Pohľad z výšky na námestie. Vľavo aj vpravo sú rady budov. Uprostred námestia je súsošie, okolo neho sú kríky a kvety. Vpravo od neho vedie ulica. Pohľad na sochu Ľudovíta Štúra na vysokom podstavci. Vľavo pred ním a vpravo za ním sú ďalšie sochy. V popredí vidno kvety. V pozadí sú kríky a tuje. Vľavo v diaľke za súsoším vidno rad poschodových budov. Pohľad na budovu Krajskej politickej školy KSS. Vpravo sú pred budovou kvetináče s kríkmi, vpravo v popredí je prázdna ulica. Za budovou je vidno husté stromy. Pohľad na mesto z diaľky, v popredí je vinohrad 
600 1 7 |a Štúr, Ľudovít,  |d 1815-1856  |2 SNKMA  |9 92872 
650 0 7 |a námestia  |2 SNKPH  |9 26291 
650 0 7 |a sochy  |2 SNKPH  |9 29846 
650 0 7 |a školy  |2 SNKPH  |9 1276 
650 0 7 |a Krajská politická škola Západoslovenského KV KSS, Modra-Harmónia  |2 SNKPH  |9 560760 
650 0 7 |a vinice  |2 SNKPH 
650 0 7 |a kultúrne pamiatky  |2 SNKPH  |9 2862 
651 7 |a Modra (Slovensko)  |2 SNKPHgeo  |9 15238 
655 7 |a pohľadnice kultúrnych pamiatok  |2 SNKPH  |9 70523 
655 7 |a miestne pohľadnice  |2 SNKPH  |9 70510 
852 |a Slovenská národná knižnica 
954 |a pohľadnice pôvodné (slovenské)  |2 lita 
958 |a GBN 
958 |a GC 
958 |a OND 
999 |c 860102  |d 862032 
952 |a SNK  |b SNK  |y PREZ  |7 0  |p 17A1407523  |o snkSP 138755  |i snkPV 497/88  |0 0  |1 0  |4 0  |d 2022-04-01  |f 1  |l 0  |r 2026-02-24 05:09:13  |w 2026-02-24 
952 |a SNK  |b SNK  |y PREZ  |7 0  |p 17A1407525  |o snkSP 138755 D1  |i snk498/88  |0 0  |1 0  |4 0  |d 2022-04-01  |l 0  |r 2026-02-24 05:09:13  |w 2026-02-24